House construction details (Record no. 45685)

MARC details
000 -LEADER
fixed length control field 00687nam a2200217 a 4500
008 - FIXED-LENGTH DATA ELEMENTS--GENERAL INFORMATION
fixed length control field 120416s1986 ||||||||||||||||| || u
020 ## - INTERNATIONAL STANDARD BOOK NUMBER
International Standard Book Number 0070089299
050 ## - LIBRARY OF CONGRESS CALL NUMBER
Classification number TH 2031 Bur
100 ## - MAIN ENTRY--PERSONAL NAME
Personal name Burbank, Nelson Lincoln, 1898-
245 10 - TITLE STATEMENT
Title House construction details
250 ## - EDITION STATEMENT
Edition statement 7th ed.
260 ## - PUBLICATION, DISTRIBUTION, ETC.
Place of publication, distribution, etc. New York :
Name of publisher, distributor, etc. McGraw-Hill
Date of publication, distribution, etc. 1986
300 ## - PHYSICAL DESCRIPTION
Extent vi, 460p. : ill.
350 ## - PRICE (NR) (BK AM CF MU VM SE) [OBSOLETE]
Price 0.00
650 ## - SUBJECT ADDED ENTRY--TOPICAL TERM
Topical term or geographic name entry element BUILDING
650 ## - SUBJECT ADDED ENTRY--TOPICAL TERM
Topical term or geographic name entry element BUILDING--DETAILS
650 ## - SUBJECT ADDED ENTRY--TOPICAL TERM
Topical term or geographic name entry element HOUSE CONSTRUCTION
700 ## - ADDED ENTRY--PERSONAL NAME
Personal name Romney, Arnold B
700 ## - ADDED ENTRY--PERSONAL NAME
Personal name Phelps, Charles
995 ## - RECOMMENDATION 995 [LOCAL, UNIMARC FRANCE]
-- 0.00
-- CBU-MAIN LIBRARY (Kitwe)
-- 1
-- 19.95
-- DAMAGED
-- Main Library Open Access Collection
Holdings
Withdrawn status Lost status Source of classification or shelving scheme Damaged status Not for loan Home library Current library Shelving location Date acquired Total Checkouts Full call number Barcode Date last seen Price effective from Koha item type
          CBU-MAIN LIBRARY, KITWE. CBU-MAIN LIBRARY, KITWE.   11/30/2022   TH 2031 Bur 020623 11/30/2022 11/30/2022 MONOGRAPH